| 000 | 01357nam a22001577a 4500 | ||
|---|---|---|---|
| 999 |
_c522133 _d522133 |
||
| 008 | 230313b ||||| |||| 00| 0 eng d | ||
| 100 |
_aPapadonikolaki, E., Krystallis, I. and Morgan, B. _938667 |
||
| 245 | _a Digital technologies in built environment projects: Review and future directions | ||
| 260 | _aProject Management Journal | ||
| 300 | _a53(5), Oct, 2022: p.501-519 | ||
| 520 | _aThrough a systematic literature review we explore how digital technologies reshape and catalyze digital innovations in the built environment—a highly project-based setting. We analyzed circa 3,000 titles, further narrowed down to 87 articles. We synthesized an original framework for data analysis. The article presents implications for the deployment of digital technologies on three levels: individuals, organizations, and projects. Whereas most of these studies examined the impact of digital innovation in projects, recommendations focused on organizations, suggesting future directions for performance measurement, developing capabilities of firms to manage changes in dynamic environments and interorganizational settings.- Reproduced | ||
| 650 |
_aDigital transformation, Systemtic literature review, Innovation, organization, Proejctes, Induviduals. _936824 |
||
| 773 | _aProject Management Journal | ||
| 906 | _aPROJECT MANAGEMENT | ||
| 942 | _cAR | ||